000 04741cam a22013934i 4500
003 PE-LiUPU
005 20250813185340.0
008 120525s2012 mx a rb 000 0 spa
020 _a6071506484
020 _a9786071506481
035 _a(Sirsi) i9786071506481
040 _aPECEN
_bspa
_cPECEN
_dXVF
_dOCLCO
_dOCLCF
_dOCLCO
_dPE-LiUPU
_erda
041 1 _aspa
_heng
049 _aPRUA
050 4 _aHD62.7
_b.A4518 2012
082 0 4 _a316.343
_bA43 2012
100 1 _aAllen, Kathleen R.,
_eautor.
240 1 0 _aGlencoe entrepreneurship.
_lEspañol
245 1 0 _aEmpresarismo : construye tu negocio /
_cKathleen Allen, Earl C. Meyer; traduccón Cecilia Ávila López.
250 _aSegunda edición.
264 1 _aMéxico, D,.F., :
_bMcGraw-Hill,
_c2012.
300 _axii, 516 páginas :
_bilustraciones ;
_c27 centímetros.
336 _atext
_2rdacontent
337 _aunmediated
_2rdamedia
338 _avolume
_2rdacarrier
500 _aIncluye glosario.
500 _aTraducción de: Entrepreneurship: building a business.
504 _aIncluye índice.
505 0 _aIniciar un negocio propio -- ¿Qué es empresarismo? -- Tú potencia como empresario -- Reconocer las oportunidades -- Oportunidades globales -- Investigar y planificar tu proyecto empresarial -- Viabilidad y planificación del negocio -- Análisis de mercado -- Tipos de propiedad de negocios -- El ambiente legal -- Selección del sitio y planificación layout -- Manejar las estrategias de mercado -- El plan de mercadeo -- La estrategia de precio -- La estrategia de promoción -- La estrategia de promoción: desarrollar y manejar las ventas -- Preparación y planificación para gerencia -- Manejo de compras e inventario -- Manejo y distribución de la producción -- Manejo de las operaciones y el personal administrativo -- Administración de los recursos humanos -- Financiar tu negocio -- La contabilidad y los informes financieros -- La gerencia financiera -- Manejo de los riesgos -- Hacer que tu negocio crezca -- Responsabilidad social ética.
526 _aP202
526 _aP201
526 _aP163
526 _aP162
526 _aP161
526 _aP160
526 _aP148
526 _aP147
526 _aP146
526 _aP145
526 _aP144
526 _aP143
526 _aP142
526 _aP141
526 _aP140
526 _aP139
526 _aP138
526 _aP137
526 _aP136
526 _aP135
526 _aP134
526 _aP133
526 _aP129
526 _aP128
526 _aP127
526 _aP120
526 _aP119
526 _aP118
526 _aP116
526 _aP115
526 _aP114
526 _aP110
526 _aP109
526 _aP108
526 _aP104
526 _aP103
526 _aP102
526 _aP99
526 _aP98
526 _aP97
526 _aP96
526 _aP95
526 _aP93
526 _aP90
526 _aP89
526 _aP88
526 _aP83
526 _aP82
526 _aP62
526 _aP59
526 _aP58
526 _aP57
526 _aP51
526 _aP49
526 _aP48
526 _aP47
526 _aP29
526 _aP24
526 _aP20
526 _aP19
526 _aP17
526 _aP15
526 _aP14
526 _aP12
526 _aP10
526 _aP09
526 _aP08
526 _aP07
526 _aP06
526 _aP05
526 _aP04
526 _aP01
650 0 _aEntrepreneurship
_vTextbooks.
650 0 _aNew business enterprises
_xManagement.
650 7 _aEntrepreneurship.
_2fast
_0(OCoLC)fst00912787
650 7 _aNew business enterprises
_xManagement.
_2fast
_0(OCoLC)fst01036850
650 1 4 _aEmprendimiento (administración).
650 2 4 _aNuevas empresas
_xAdminsitración.
655 7 _aTextbooks.
_2fast
_0(OCoLC)fst01423863
700 1 _aÁvila López, C.,
_etraductor.
700 1 _aMeyer, Earl C.,
_eautor.
910 _btqv
_cwelc
_d20161104
942 _2ddc
_cBOOK
949 _a316.343 A43 2012
_wDEWEY
_c1
_iFJ03905
_lCCODEBUJ1
_mBUJ
_p81.70
_r0
_sY
_tBOOK
_u2016-11-4
_xFCE
_PP04
_0COMPRA
_o.STAFF. Colección General Juliaca
994 _aC0
_bPEPRU
596 _a1 3
999 _a316.343 A43 2012
_wDEWEY
_c13750
_iFJ03905
_d13750
_e2017-10-9
_f2022-1-18
_g8
_lCCODEBUJ1
_mBUJ
_n1
_p81.70
_q4
_r0
_sY
_tBOOK
_u2016-11-4
_xFCE
_PP04
_0COMPRA
_o.STAFF. Colección General Juliaca
999 _a316.343 A43
_wDEWEY
_c1
_i76028
_d2018-8-6
_e2018-7-30
_f2021-11-5
_g4
_lCCODEBUL1
_mBUL
_n1
_p115.93
_r0
_sY
_tBOOK
_u2017-5-29
_xFCE
_PP27
_0COMPRA
_o.STAFF. Colección Ingeniería y Arquitectura
980 _81
_gALBERTO SANCHEZ Responsable de Automatización